A TEXT BOOK OF PHARMACOTHERAPEUTICS-1 (Record no. 31312)

MARC details
000 -LEADER
fixed length control field 00394nam a22001577a 4500
003 - CONTROL NUMBER IDENTIFIER
control field SGT
020 ## - INTERNATIONAL STANDARD BOOK NUMBER
International Standard Book Number 9781543345995
082 ## - DEWEY DECIMAL CLASSIFICATION NUMBER
Classification number 615.58
Item number B22P
100 ## - MAIN ENTRY--PERSONAL NAME
Personal name BAWEJA, HIMANSHU
245 ## - TITLE STATEMENT
Title A TEXT BOOK OF PHARMACOTHERAPEUTICS-1
260 ## - PUBLICATION, DISTRIBUTION, ETC. (IMPRINT)
Place of publication, distribution, etc PUNJAB
Name of publisher, distributor, etc S.VIKASH AND COMPANY
Year of Publication 2022
300 ## - PAGE DESCRIPTION
No. of Pages 317
650 ## - SUBJECT ADDED ENTRY--TOPICAL TERM
Topical term or geographic name as entry element PHARMACY
653 ## - KEYWORDS--INDEX TERM
Keyword term PHARMACOTHERAPEUTICS, THERAPEUTICS
942 ## - ADDED ENTRY ELEMENTS (KOHA)
Source of classification or shelving scheme Dewey Decimal Classification
Koha item type Gifted Books
Holdings
Withdrawn status Lost status Source of classification or shelving scheme Damaged status Use restrictions Not for loan Collection code Home library Current library Shelving location Date acquired Vendor Name Cost, normal purchase price SGTU Total Checkouts Full call number Accession No. (Barcode) Date last seen Bill Date Koha item type
    Dewey Decimal Classification   Restricted Access   PHARMACY SGT FA-FP Library SGT FA-FP Library Text Book 11/06/2025 Dr.V. Bhalla 425.00 SGTU   615.58 B22P FP5269G 11/06/2025 11/06/2025 Gifted Books